01328nam a22002297a 4500003000400000005001700004008004100021020001500062040000700077041000800084082002700092100003800119245003500157260003600192300003100228520070500259650002200964650002200986650002001008650002701028700004301055OSt20240607123541.0211106b ||||| |||| 00| 0 eng d a8125024778 cAL aeng 223a327.174 RAMPbRAMP aM V Ramana: C Rammanohar Reddy Ed aPrisoners of the Nuclear Dream aHyderabadbOrient Longmanc2003 axiii,502 p.bHBc22x14 cm. aIn this book some of South Asia’s best minds address questions on the political, scientific, strategic, economic and environmental aspects of India’s decision to proceed with the nuclear weapons programme. The contributors include Kanti Bajpai, Admiral L. Ramdas, Amartya Sen, Amulya Reddy and Jean Dreze. While much has been said in India, in defense of the nuclear tests of 1998, there is also a strong body of opinion which questions India’s decision to become a nuclear weapon state. The essays in this book are representative of this critique. They have been written for the general reader concerned about the important issue of the production of weapons of mass destruction in South Asia. aForeign Relations aSciene and Ethics aNuclear Weapons aEnvironment and Health aRAMANNA (M V): REDDY (C Rammanohar) Ed